[Event "2015 Standard Chess Dropout Tournament, Round 1"]
[Site "SchemingMind.com"]
[Date "2014.11.06"]
[Round "1"]
[White "klapa"]
[Black "Mastermind_13"]
[Result "0-1"]
[WhiteCountry "POL"]
[BlackCountry "USA"]
[WhiteElo "1432"]
[WhiteRD "65"]
[BlackElo "1680"]
[BlackRD "67"]
[GameID "368269"]

1. d4 d5 2. Nf3 Nf6 3. c3 c6 4. e3 Bf5 5. Be2 e6 6. O-O Be7 7. Nbd2 O-O 8. b4 a5 9. Qa4 Nbd7 10. Nh4 axb4
11. Qb3 bxc3 12. Qxc3 Bg6 13. Nxg6 hxg6 14. Rb1 Qc7 15. Nf3 Ne4 16. Qc2 Ndf6 17. Ne5 Nd7 18. Bd3 Nxe5 19. dxe5 Nc5 20. Be2 b5
21. Bf3 Qxe5 22. Bb2 Qc7 23. Qc3 f6 24. Rbd1 Na4 25. Qb3 Nxb2 26. Qxb2 e5 27. e4 d4 28. Rd3 Qa5 29. Bd1 c5 30. Rh3 c4
31. Qe2 Kf7 32. Qg4 Qd2 33. Rg3 Qh6 34. Be2 d3 35. Bf3 Rxa2 36. h4 b4 37. Rh3 Qf4 38. g3 Qxg4 39. Bxg4 c3 40. h5 gxh5
41. Bd1 c2 42. Bxh5+ g6 43. f4 gxh5 44. g4 d2 45. fxe5 d1=Q 46. Rf3 Qxf3 47. Rxf3 c1=Q+ 48. Rf1 Bc5+ 49. Kh1 Qxf1#
0-1

[Event "2015 Standard Chess Dropout Tournament, Round 1"]
[Site "SchemingMind.com"]
[Date "2014.11.08"]
[Round "1"]
[White "Arthur Wilding"]
[Black "Andrew Burruss"]
[Result "0-1"]
[WhiteCountry "WLS"]
[BlackCountry "USA"]
[WhiteElo "1236"]
[WhiteRD "73"]
[BlackElo "1318"]
[BlackRD "105"]
[GameID "368270"]

1. d4 d5 2. e3 Nf6 3. Nc3 e6 4. Nf3 Nc6 5. Ne5 Nxe5 6. Bb5+ c6 7. Bxc6+ bxc6 8. dxe5 Nd7 9. O-O Bc5 10. a4 a5
11. f4 O-O 12. f5 exf5 13. Qh5 Nxe5 14. Re1 Qf6 15. Ne2 f4 16. Kh1 f3 17. gxf3 Nxf3 18. Rf1 Qe5 19. Rf2 Qxh5 20. Ng3 Qg4
21. Ra2 Qh3 22. Bd2 Bd6
0-1

[Event "2015 Standard Chess Dropout Tournament, Round 1"]
[Site "SchemingMind.com"]
[Date "2014.11.03"]
[Round "1"]
[White "knightrider"]
[Black "Abstract Actuary"]
[Result "1-0"]
[WhiteCountry "USA"]
[BlackCountry "USA"]
[WhiteElo "1470"]
[WhiteRD "74"]
[BlackElo "1819"]
[BlackRD "79"]
[GameID "368271"]

1. e4 e5 2. Nf3 Nf6 3. Bc4 Nxe4 4. d3 Nd6 5. Nc3 Nxc4 6. dxc4 d6 7. h3 Bf5 8. O-O Be7 9. g4 Be6 10. b3 Qd7
11. a4 Na6 12. Qd3 O-O-O 13. Be3 b6 14. Nb5 Kb8 15. a5 Nc5 16. Bxc5 bxc5 17. Nc3 Rdf8 18. Nd5 Bd8 19. b4 cxb4 20. Nxb4 f5
21. Na6+ Ka8 22. Nxe5 dxe5 23. Qxd7 Bxd7 24. Rab1 Bh4 25. Nxc7#
1-0

[Event "2015 Standard Chess Dropout Tournament, Round 1"]
[Site "SchemingMind.com"]
[Date "2014.11.03"]
[Round "1"]
[White "Lambik"]
[Black "Faloan"]
[Result "1-0"]
[WhiteCountry "BEL"]
[BlackCountry "GER"]
[WhiteElo "2270"]
[WhiteRD "99"]
[BlackElo "1985"]
[BlackRD "173"]
[GameID "368272"]

1. e4 c5 2. Nf3 e6 3. d4 cxd4 4. Nxd4 Nc6 5. Nc3 Qc7 6. Be3 a6 7. f4 b5 8. a3 Bb7 9. Nb3 d6 10. Be2 Be7
11. f5 Nf6 12. fxe6 fxe6 13. Bh5+ g6 14. Bg4 Bc8 15. O-O O-O 16. Bh3 Bd7 17. Qe2 Rab8 18. Rad1 b4 19. axb4 Rxb4 20. Bh6 Rf7
21. Qxa6 Nxe4 22. Rxf7 Kxf7 23. Qe2 Nf6 24. Rf1 Ne5 25. Qf2 Qd8 26. Bg5 Kg7 27. Nd4 Nfg4 28. Bxg4 Bxg5 29. Nxe6+ Bxe6 30. Bxe6 Kh6
31. g3 Qb6 32. Qxb6 Rxb6 33. Kh1 Bd2 34. Ne4 Ba5 35. b3 Rc6 36. Rf2 Bb4 37. Kg2 Kg7 38. Bd5 Rc7 39. Ng5 Rc8 40. h3 Be1
41. Ne6+ Kh6 42. Re2 Bc3 43. Re4 g5 44. h4 g4 45. Rf4
1-0

[Event "2015 Standard Chess Dropout Tournament, Round 1"]
[Site "SchemingMind.com"]
[Date "2014.11.04"]
[Round "1"]
[White "Lanaroon"]
[Black "jpetric"]
[Result "1-0"]
[WhiteCountry "ENG"]
[BlackCountry "USA"]
[WhiteElo "1533"]
[WhiteRD "99"]
[BlackElo "1532"]
[BlackRD "70"]
[GameID "368273"]

1. e4 e5 2. Nf3 Nc6 3. Nc3 Bc5 4. Bc4 h6 5. d3 d6 6. Bd2 Nf6 7. h3 a6 8. Bd5 Nd4 9. Nxd4 Bxd4 10. Qf3 Qe7
11. O-O-O c6 12. Bb3 b5 13. g4 O-O 14. g5 hxg5 15. Bxg5 Qd8 16. Rhg1 Re8 17. Bxf6 Qd7 18. Rxg7+ Kf8 19. Rdg1
1-0

[Event "2015 Standard Chess Dropout Tournament, Round 1"]
[Site "SchemingMind.com"]
[Date "2014.11.03"]
[Round "1"]
[White "John Elburg"]
[Black "2curious"]
[Result "1-0"]
[WhiteCountry "NED"]
[BlackCountry "USA"]
[WhiteElo "2554"]
[WhiteRD "100"]
[BlackElo "2081"]
[BlackRD "184"]
[GameID "368274"]

1. e4 c5 2. Nf3 d6 3. d4 cxd4 4. Nxd4 Nf6 5. Nc3 a6 6. Bg5 e6 7. f4 Qb6 8. Qd2 Qxb2 9. Rb1 Qa3 10. e5 h6
11. Bh4 dxe5 12. fxe5 Nd5 13. Nxd5 exd5 14. e6 Bxe6 15. Nxe6 fxe6 16. Bd3 Be7 17. Bg6+ Kd8 18. Bxe7+ Qxe7 19. O-O Nd7 20. Rf7 Qc5+
21. Kh1 Rf8 22. Rxg7 Rc8 23. h3 Rc6 24. Qxh6 Kc8 25. Bd3 Qd6 26. Qh7 Rc7 27. Re1 Kb8 28. Rb1 Nc5 29. Rxc7 Qxc7 30. Qxc7+ Kxc7
31. g4 Kd6 32. Kg2 Rf4 33. Kg3 e5 34. h4 b5 35. h5
1-0

[Event "2015 Standard Chess Dropout Tournament, Round 1"]
[Site "SchemingMind.com"]
[Date "2014.11.03"]
[Round "1"]
[White "lawyertheologian"]
[Black "William Lindberg"]
[Result "0-1"]
[WhiteCountry "USA"]
[BlackCountry "USA"]
[WhiteElo "1913"]
[WhiteRD "86"]
[BlackElo "2181"]
[BlackRD "66"]
[GameID "368275"]

1. Nc3 e5 2. Nf3 d5 3. Nxe5 d4 4. Nb1 Bd6 5. Nc4 Nf6 6. Nxd6+ Qxd6 7. e3 Nc6 8. Bb5 O-O 9. Bxc6 Qxc6 10. O-O dxe3
11. dxe3 Be6 12. Na3 b5 13. Bd2 Rfb8 14. c3 Rd8 15. Qe2 Bf5 16. Rfd1 Bd3 17. Qe1 a5 18. f3 Qb6 19. Kh1 c5 20. Rdc1 b4
21. cxb4 axb4 22. Nc4 Bxc4 23. Rxc4 Nd7 24. Qg3 Qf6 25. Rc2 b3 26. Bc3 Rxa2 27. Rcc1 Qg6 28. Qc7 Qb6 29. Qg3 Qg6 30. Qc7= Rda8
31. Rab1 R2a7 32. Qf4 Ra4 33. Qc7 R4a7 34. Qf4 h6 35. h3 Nb6 36. Qe5 Qg5 37. Qxg5 hxg5 38. e4 Ra2 39. Kg1 Rd8 40. Kf2 f6
41. Ke2 Na4 42. g3 c4 43. Ba5 Rd7 44. Bc3 Kf7 45. h4 Rd3 46. Be1 Nxb2 47. Rxc4 Rd7 48. Rc8 Nd3+ 49. Ke3 Rc2 50. Rb8 Ne5
0-1

[Event "2015 Standard Chess Dropout Tournament, Round 1"]
[Site "SchemingMind.com"]
[Date "2014.11.03"]
[Round "1"]
[White "lemme howdt"]
[Black "kenneth m day"]
[Result "1-0"]
[WhiteCountry "USA"]
[BlackCountry "USA"]
[WhiteElo "1557"]
[WhiteRD "73"]
[BlackElo "1712"]
[BlackRD "48"]
[GameID "368276"]

1. e4 e5 2. Nf3 Nf6 3. Bc4 Nc6 4. d3 Bc5 5. Bg5 O-O 6. Nc3 a6 7. Qd2 d6 8. a3 Nd4 9. Nxd4 Bxd4 10. O-O-O h6
11. Bxf6 Qxf6 12. f3 b5 13. Bb3 c6 14. Ne2 Bb6 15. Rhf1 Be6 16. Bxe6 Qxe6 17. b3 a5 18. f4 c5 19. c4 bxc4 20. f5 Qd7
21. dxc4 a4 22. Qxd6 Qxd6 23. Rxd6 Ba7 24. bxa4 Rfd8 25. Rfd1 Rdb8 26. R1d3 f6 27. Rd7 Bb6 28. Rg3 Ra7 29. Rxa7 Bxa7 30. Nc3 Bb6
31. Nd5 Bd8 32. Kc2 Kf7 33. Rb3 Ra8 34. Rb7+ Kg8 35. Kb3 Kf8 36. Nb6 Bxb6 37. Rxb6 Ra7 38. Rb5 Rc7 39. a5 Ke7 40. a6 Kd6
41. Ka4 Ra7 42. Rb6+ Kc7 43. Kb5 Kc8 44. Kxc5 Kc7 45. Kb5 Kc8 46. c5 Kc7 47. c6 Kc8 48. Rb7 Ra8 49. Rxg7
1-0

[Event "2015 Standard Chess Dropout Tournament, Round 1"]
[Site "SchemingMind.com"]
[Date "2014.11.04"]
[Round "1"]
[White "William Lindberg"]
[Black "Diadoco"]
[Result "1-0"]
[WhiteCountry "USA"]
[BlackCountry "MEX"]
[WhiteElo "2181"]
[WhiteRD "66"]
[BlackElo "1982"]
[BlackRD "91"]
[GameID "368277"]

1. c4 c6 2. Nf3 d5 3. d4 Nf6 4. e3 Bf5 5. Bd3 Bg6 6. O-O e6 7. Nc3 Nbd7 8. Bxg6 hxg6 9. Qd3 Bb4 10. Bd2 Qe7
11. h3 O-O 12. Ng5 dxc4 13. Qxc4 e5 14. Qb3 b6 15. Rfe1 e4 16. Ncxe4 Bxd2 17. Nxd2 c5 18. Ndf3 Ne4 19. Nxe4 Qxe4 20. Rac1 Rac8
21. Rc2 cxd4 22. Rxc8 Rxc8 23. exd4 Qf5 24. Re7 Rf8 25. g4 Qb1+ 26. Re1
1-0

[Event "2015 Standard Chess Dropout Tournament, Round 1"]
[Site "SchemingMind.com"]
[Date "2014.11.06"]
[Round "1"]
[White "Simon Green"]
[Black "dmlowrey"]
[Result "1-0"]
[WhiteCountry "ENG"]
[BlackCountry "USA"]
[WhiteElo "1649"]
[WhiteRD "54"]
[BlackElo "1417"]
[BlackRD "74"]
[GameID "368278"]

1. d4 d5 2. e3 Nf6 3. Bd3 b6 4. f4 Bb7 5. Nf3 e6 6. O-O Nbd7 7. Qe1 c5 8. c3 Rc8 9. Nbd2 cxd4 10. cxd4 Bb4
11. Qg3 O-O 12. Ne5
1-0

[Event "2015 Standard Chess Dropout Tournament, Round 1"]
[Site "SchemingMind.com"]
[Date "2014.11.04"]
[Round "1"]
[White "Clive Everill"]
[Black "dhoustonsmith"]
[Result "1-0"]
[WhiteCountry "CZE"]
[BlackCountry "USA"]
[WhiteElo "1709"]
[WhiteRD "52"]
[BlackElo "1199"]
[BlackRD "127"]
[GameID "368279"]

1. e4 c6 2. d4 d5 3. Nd2 e5 4. dxe5 dxe4 5. Qe2 g6 6. Nxe4 Be6 7. g3 Bg7 8. Nd6+ Ke7 9. Nxb7 Qb6 10. Nd6 Nh6
11. Bh3 Nd7 12. Bxe6 fxe6 13. Bg5+ Kf8 14. Qf3+ Nf5 15. Nxf5 gxf5 16. Qa3+ Nc5 17. Be3
1-0

[Event "2015 Standard Chess Dropout Tournament, Round 1"]
[Site "SchemingMind.com"]
[Date "2014.11.05"]
[Round "1"]
[White "marcferrand"]
[Black "dapuka"]
[Result "0-1"]
[WhiteCountry "FRA"]
[BlackCountry "USA"]
[WhiteElo "1198"]
[WhiteRD "283"]
[BlackElo "1592"]
[BlackRD "100"]
[GameID "368280"]

1. d4 e6 2. e4 c5 3. Bc4 d5 4. exd5 exd5 5. dxc5 Bxc5 6. Bxd5 Ne7 7. Qf3 Qxd5 8. a3 Qxf3 9. gxf3 Nbc6 10. c3 O-O
11. b4 Bb6 12. f4 Bf5 13. b5 Nd8 14. Be3 Bxe3 15. fxe3 Be4 16. Nf3 Bxf3 17. O-O Be2 18. Re1 Bxb5 19. a4 Ba6 20. Nd2 Ne6
21. Kf2 Nf5 22. Rac1 Rad8 23. Nf3 Rd6 24. e4 Nh6 25. f5 Nc5 26. a5 Nd3+ 27. Kg3 Nxc1 28. Rxc1 g6 29. Nh4 Kh8 30. Kf4 Rd2
31. Nf3 Ra2 32. c4 Rxa5 33. Nh4 gxf5 34. exf5 Rg8 35. Nf3 Rg4+ 36. Ke3 Nxf5+ 37. Kd2 Rg2+ 38. Kc3 Ra3+ 39. Kb4 Rxf3 40. Ka5 Rb2
41. c5 Ra3#
0-1

[Event "2015 Standard Chess Dropout Tournament, Round 1"]
[Site "SchemingMind.com"]
[Date "2014.11.08"]
[Round "1"]
[White "Marco_M"]
[Black "chesshub"]
[Result "0-1"]
[WhiteCountry "ITA"]
[BlackCountry "FRA"]
[WhiteElo "2167"]
[WhiteRD "118"]
[BlackElo "2484"]
[BlackRD "74"]
[GameID "368281"]

1. e4 c5 2. Nf3 d6 3. Bb5+ Bd7 4. Bxd7+ Qxd7 5. O-O Nc6 6. Qe2 Nf6 7. Rd1 g5 8. c3 g4 9. Nh4 O-O-O 10. d4 d5
11. e5 Ne4 12. Be3 Rg8 13. Nd2 Nxd2 14. Rxd2 cxd4 15. cxd4 h5 16. Rc1 e6 17. g3 Kb8 18. Ng2 Be7 19. Nf4 h4 20. Nd3 Rc8
21. Rdc2 b6 22. a3 hxg3 23. fxg3 f5 24. exf6 Bxf6 25. Bf4+ Kb7 26. Ne5 Bxe5 27. Bxe5 Qh7 28. Rc3 Nxe5 29. Qxe5 Rxc3 30. bxc3 Qf5
31. Qxf5 exf5 32. Kf2 Rh8 33. Rh1 Ka6 34. Ke3 Rh5 35. a4 Ka5 36. Kd3 Kxa4 37. c4 dxc4+ 38. Kxc4 b5+ 39. Kc3 Ka5 40. Ra1+ Kb6
41. Ra2 f4
0-1

[Event "2015 Standard Chess Dropout Tournament, Round 1"]
[Site "SchemingMind.com"]
[Date "2014.11.03"]
[Round "1"]
[White "maro"]
[Black "Bacon"]
[Result "1-0"]
[WhiteCountry "MEX"]
[BlackCountry "BER"]
[WhiteElo "1499"]
[WhiteRD "58"]
[BlackElo "1248"]
[BlackRD "85"]
[GameID "368283"]

1. e4 e5 2. d4 Nc6 3. dxe5 Nxe5 4. Be2 Nf6 5. Nc3 Bb4 6. Bd2 d6 7. a3 Bc5 8. Nf3 O-O 9. O-O g6 10. Bh6 Re8
11. Bg5 Nxf3+ 12. Bxf3 Kg7 13. Nd5 Nxe4 14. Bxd8 Rxd8 15. Bxe4 c6 16. Nc7 Rb8 17. b4 Bb6 18. Re1 Bxc7 19. Qd4+ f6 20. Qxa7 Bf5
21. Bxc6 Bxc2 22. Bxb7 Bb3 23. Re7+ Bf7 24. Bd5 Bb6 25. Rxf7+ Kh8 26. Rxh7#
1-0

[Event "2015 Standard Chess Dropout Tournament, Round 1"]
[Site "SchemingMind.com"]
[Date "2014.11.08"]
[Round "1"]
[White "Mastermind_13"]
[Black "Jari Laine"]
[Result "0-1"]
[WhiteCountry "USA"]
[BlackCountry "FIN"]
[WhiteElo "1708"]
[WhiteRD "78"]
[BlackElo "2398"]
[BlackRD "82"]
[GameID "368284"]

1. e4 e5 2. Nf3 Nc6 3. Bb5 f5 4. Nc3 fxe4 5. Nxe4 Nf6 6. Qe2 d5 7. Nxf6+ gxf6 8. d4 Bg7 9. dxe5 O-O 10. Bxc6 bxc6
11. e6 Re8 12. Be3 Bxe6 13. O-O-O Qd6 14. Qa6 c5 15. Qxd6 cxd6 16. Bf4 Bf8 17. Rd3 d4 18. h3 Bf5 19. Rb3 Re2 20. Bd2 Rxf2
21. Ne1 Be4 22. Rg1 Kf7 23. g3 c4 24. Rb5 d5 25. Rb7+ Ke6 26. Bf4 d3 27. c3 d4 28. Rxh7 Bxh7
0-1

[Event "2015 Standard Chess Dropout Tournament, Round 1"]
[Site "SchemingMind.com"]
[Date "2014.11.08"]
[Round "1"]
[White "mbeatini"]
[Black "Timaeus"]
[Result "0-1"]
[WhiteCountry "USA"]
[BlackCountry "JPN"]
[WhiteElo "1413"]
[WhiteRD "77"]
[BlackElo "1455"]
[BlackRD "88"]
[GameID "368285"]

1. f4 f5 2. Nf3 e6 3. e3 b6 4. b3 Nf6 5. Bb2 Bb7 6. Be2 c5 7. O-O Bd6 8. Na3 a6 9. Nc4 Qc7 10. Nxd6+ Qxd6
11. Ne5 Nc6 12. Bf3 O-O 13. d3 Nd5 14. Nc4 Qc7 15. Qd2 Nf6 16. Ne5 d6 17. Nxc6 Bxc6 18. Rf2 Bxf3
0-1

[Event "2015 Standard Chess Dropout Tournament, Round 1"]
[Site "SchemingMind.com"]
[Date "2014.11.04"]
[Round "1"]
[White "Mekk"]
[Black "Derek Price"]
[Result "0-1"]
[WhiteCountry "POL"]
[BlackCountry "ENG"]
[WhiteElo "1771"]
[WhiteRD "101"]
[BlackElo "2331"]
[BlackRD "73"]
[GameID "368286"]

1. c4 e5 2. g3 Nf6 3. Bg2 c6 4. Nf3 e4 5. Ng5 d5 6. O-O h6 7. Nh3 Bf5 8. Qa4 Qd7 9. Nf4 g5 10. Nxd5 cxd5
11. Qxd7+ Nbxd7 12. cxd5 Nxd5 13. Nc3 Nxc3 14. dxc3 O-O-O 15. Be3 Bc5 16. Rad1 Bxe3 17. fxe3 Bg6 18. Rd4 f5 19. Bh3 g4 20. Bg2 Ne5
21. Rc1 Nc6 22. Rxd8+ Rxd8 23. Kf2 Rd2 24. Rb1 Bf7 25. Ke1 Bxa2 26. Kxd2 Bxb1 27. h3 h5 28. hxg4 hxg4
0-1

[Event "2015 Standard Chess Dropout Tournament, Round 1"]
[Site "SchemingMind.com"]
[Date "2014.11.03"]
[Round "1"]
[White "MichaelG"]
[Black "surfnsuds"]
[Result "1-0"]
[WhiteCountry "GER"]
[BlackCountry "USA"]
[WhiteElo "1819"]
[WhiteRD "90"]
[BlackElo "1399"]
[BlackRD "84"]
[GameID "368287"]

1. d4 d5 2. c4 e6 3. Nc3 c6 4. e3 Nf6 5. Bd3 Nbd7 6. Nf3 dxc4 7. Bxc4 b5 8. Bd3 Be7 9. O-O O-O 10. Qc2 a6
11. e4 Qc7 12. e5 Ng4 13. Bxh7+ Kh8 14. Bd3 Bb4 15. h3 Ngxe5 16. Nxe5 Nxe5 17. dxe5 Qxe5 18. Re1 Qc7 19. Re4 Ba5 20. Rh4+ Kg8
21. Bh7+ Kh8 22. Bg8+
1-0

[Event "2015 Standard Chess Dropout Tournament, Round 1"]
[Site "SchemingMind.com"]
[Date "2014.11.08"]
[Round "1"]
[White "michel"]
[Black "Raimondi"]
[Result "1-0"]
[WhiteCountry "CAN"]
[BlackCountry "PER"]
[WhiteElo "2323"]
[WhiteRD "61"]
[BlackElo "1705"]
[BlackRD "89"]
[GameID "368288"]

1. e4 e5 2. Nf3 Nc6 3. d4 exd4 4. Nxd4 Nf6 5. Nxc6 bxc6 6. e5 Qe7 7. Qe2 Nd5 8. c4 Ba6 9. b3 O-O-O 10. Bb2 Qe6
11. cxd5 Bxe2 12. dxe6 Bxf1 13. exd7+ Rxd7 14. Rxf1 Bb4+ 15. Bc3 Be7 16. Nd2 f6 17. f4 Re8 18. O-O-O fxe5 19. fxe5 Bg5 20. Kc2 g6
21. Nf3 Bh6 22. Rxd7 Kxd7 23. Kd3 Ke6 24. Ke4 Rf8 25. Nd4+
1-0

[Event "2015 Standard Chess Dropout Tournament, Round 1"]
[Site "SchemingMind.com"]
[Date "2014.11.05"]
[Round "1"]
[White "Munny"]
[Black "Wojciech  Langer"]
[Result "1-0"]
[WhiteCountry "GER"]
[BlackCountry "INT"]
[WhiteElo "2337"]
[WhiteRD "91"]
[BlackElo "1678"]
[BlackRD "79"]
[GameID "368290"]

1. e4 e6 2. d4 d5 3. Nc3 Bb4 4. e5 c5 5. a3 Bxc3+ 6. bxc3 Ne7 7. Qg4 Qc7 8. Qxg7 Rg8 9. Qxh7 cxd4 10. Ne2 Nbc6
11. f4 Nxe5 12. fxe5 Qxe5 13. cxd4 Qc7 14. Bf4 Qxc2 15. Qxc2
1-0

[Event "2015 Standard Chess Dropout Tournament, Round 1"]
[Site "SchemingMind.com"]
[Date "2014.11.05"]
[Round "1"]
[White "nammy"]
[Black "Clive Everill"]
[Result "0-1"]
[WhiteCountry "ENG"]
[BlackCountry "CZE"]
[WhiteElo "961"]
[WhiteRD "85"]
[BlackElo "1688"]
[BlackRD "52"]
[GameID "368291"]

1. d4 d5 2. e3 c6 3. Bd3 Nf6 4. Ne2 Bg4 5. h3 Bd7 6. Nbc3 e6 7. Ng3 Bb4 8. O-O O-O 9. Na4 b5 10. Nc5 Qb6
11. Nb3 a5 12. c3 Be7 13. f4 g6 14. Bd2 a4 15. Nc1 c5 16. Nge2 c4 17. Bc2 Nc6 18. Qe1 b4 19. Ng3 b3 20. Bd1 a3
21. bxa3 Bxa3 22. Nce2 b2 23. Rb1 Be7 24. Qf2 Rxa2 25. Be1 Ra1 26. Rxa1 bxa1=Q 27. Bc2 Qab2 28. e4 Qxc2 29. e5 Ne4 30. Qe3 Nxg3
31. Bxg3 Qbb2 32. h4 Qxe2 33. Qf2 Qxf2+ 34. Rxf2 Qxc3 35. Kh2 Nxd4 36. Ra2 Nf5 37. Bf2 Bxh4 38. Bc5 Bg3+ 39. Kh3 Bxf4+ 40. Kg4 Qg3#
0-1

[Event "2015 Standard Chess Dropout Tournament, Round 1"]
[Site "SchemingMind.com"]
[Date "2014.11.04"]
[Round "1"]
[White "NYNH"]
[Black "Andreas Flato"]
[Result "1-0"]
[WhiteCountry "USA"]
[BlackCountry "GER"]
[WhiteElo "2080"]
[WhiteRD "76"]
[BlackElo "1702"]
[BlackRD "107"]
[GameID "368292"]

1. d4 e6 2. c4 Nf6 3. g3 c5 4. d5 exd5 5. cxd5 d6 6. Nc3 a6 7. a4 g6 8. Nf3 Bg7 9. Bg2 O-O 10. O-O Nbd7
11. h3 Re8 12. Nd2 Rb8 13. Nc4 Ne5 14. Na3 Nh5 15. e4 Rf8 16. Kh2 f5 17. f4 b5 18. axb5 axb5 19. Naxb5 fxe4 20. Bxe4 Bd7
21. Qe2 Qb6 22. Na3 Rbe8 23. Qg2 Nf7 24. g4 Nf6 25. Nc4 Qb4 26. Bd3 Re7 27. Bd2 Bb5 28. Ne4 Qb3 29. Ra3 Qxd3 30. Rxd3 Bxc4
31. Nxf6+ Bxf6 32. Re3 Rxe3 33. Bxe3 Bxf1 34. Qxf1 Bxb2 35. Qb5 Ba3 36. h4 Bb4= 37. h5 Nh6 38. Qd7 gxh5 39. Qe6+ Nf7 40. f5 hxg4
41. Bh6 Ra8 42. f6 Ra2+ 43. Kg3 Ra3+ 44. Kxg4 Ra8 45. Kh5
1-0

[Event "2015 Standard Chess Dropout Tournament, Round 1"]
[Site "SchemingMind.com"]
[Date "2014.11.03"]
[Round "1"]
[White "palberto63"]
[Black "screichert"]
[Result "1-0"]
[WhiteCountry "CUB"]
[BlackCountry "USA"]
[WhiteElo "2213"]
[WhiteRD "64"]
[BlackElo "1536"]
[BlackRD "96"]
[GameID "368293"]

1. e4 e5 2. Nf3 Nc6 3. d4 exd4 4. Bc4 h6 5. Nxd4 Qf6 6. Nb5 Bd6 7. Nxd6+ Qxd6 8. Qxd6 cxd6 9. Bf4 Ne5 10. Bb3 g5
11. Bg3 Nf6 12. Nc3 b6 13. Nb5 O-O 14. f3 Ne8 15. Nxd6 Nxd6 16. Bxe5 Ne8 17. Bd5 d6 18. Bxd6 Nxd6 19. Bxa8 Ba6 20. O-O-O Rxa8
21. Rxd6 Kg7 22. Rhd1 Bb5 23. b3 f6 24. a4 Be8 25. Rd8 Rxd8 26. Rxd8 Bc6 27. Rc8 Bxe4 28. fxe4 Kg6 29. g4 h5 30. h3 h4
31. Rc7 a6 32. Rb7 b5 33. axb5 axb5 34. Rxb5 Kf7 35. Rd5 Ke6 36. c4
1-0

[Event "2015 Standard Chess Dropout Tournament, Round 1"]
[Site "SchemingMind.com"]
[Date "2014.11.08"]
[Round "1"]
[White "Pancserka"]
[Black "Dan Geana"]
[Result "1/2-1/2"]
[WhiteCountry "HUN"]
[BlackCountry "ROU"]
[WhiteElo "2165"]
[WhiteRD "143"]
[BlackElo "2498"]
[BlackRD "113"]
[GameID "368294"]

1. Nf3 c5 2. c4 Nc6 3. Nc3 e5 4. d3 d6 5. g3 g6 6. Bg2 Bg7 7. O-O Nge7 8. Rb1 O-O 9. a3 a5 10. Ne1 Be6
11. Nc2 d5 12. cxd5 Nxd5 13. Ne3 Nde7 14. Ne4 b6 15. Ng5 Bd7 16. Bd2 h6 17. Ne4 Nd4 18. Nc4 Bc6 19. a4 f5 20. Ned6 Bxg2
21. Kxg2 Qd7 22. e3 Ne6 23. f3 Rad8 24. Qc2 f4 25. Qb3 Nd5 26. Ne4 Kh7 27. Rbe1 fxe3 28. Bxe3 Nb4 29. Rd1 Qc6 30. Rd2 Rd7
31. Kg1 Rfd8 32. Rfd1 Nc7 33. Kg2 Ncd5 34. Re1 Qe6 35. Bg5 Rf8 36. Be3 Rdf7 37. Rf2 Rd8 38. Rd2 Nc6 39. Qd1 Nxe3+ 40. Rxe3 Nd4
41. b3 Qc6 42. Rf2 Nf5 43. Re1 Rfd7 44. Rd2 Nd4=
1/2-1/2

[Event "2015 Standard Chess Dropout Tournament, Round 1"]
[Site "SchemingMind.com"]
[Date "2014.11.05"]
[Round "1"]
[White "paradox"]
[Black "klapa"]
[Result "1-0"]
[WhiteCountry "GER"]
[BlackCountry "POL"]
[WhiteElo "2071"]
[WhiteRD "186"]
[BlackElo "1442"]
[BlackRD "70"]
[GameID "368295"]

1. Nf3 e6 2. g3 d5 3. Bg2 Nf6 4. O-O Nc6 5. d3 e5 6. Nbd2 Be6 7. e4 dxe4 8. dxe4 Qd6 9. c3 Be7 10. Qe2 O-O
11. Ng5 a5 12. Nxe6 Qxe6 13. Nc4 b5 14. Ne3 Rad8 15. Qxb5 Rb8 16. Qe2 a4 17. Qc2 Ra8 18. Nd5 Rfc8 19. Bg5 Ra5 20. b4 Rb5
21. Qxa4 Nxd5 22. exd5 Rxd5 23. Bxd5 Qxd5 24. Bxe7 Nxe7 25. Rfe1 h6 26. Rad1 Ra8 27. Rxd5 Rxa4 28. Rdxe5 Ng6 29. Ra5 Rxa5 30. bxa5 f6
31. a6
1-0

[Event "2015 Standard Chess Dropout Tournament, Round 1"]
[Site "SchemingMind.com"]
[Date "2014.11.03"]
[Round "1"]
[White "paulby"]
[Black "guyhayton"]
[Result "0-1"]
[WhiteCountry "ENG"]
[BlackCountry "ENG"]
[WhiteElo "1598"]
[WhiteRD "84"]
[BlackElo "1853"]
[BlackRD "113"]
[GameID "368296"]

1. d4 Nf6 2. Bf4 g6 3. Nf3 Bg7 4. e3 O-O 5. Be2 Nh5 6. Bg5 h6 7. Bh4 g5 8. Nfd2 gxh4 9. Bxh5 c5 10. c3 Nc6
11. dxc5 b6 12. Nb3 bxc5 13. Nxc5 Rb8 14. Qc2 Qa5 15. b4 Nxb4 16. Bxf7+ Rxf7 17. Qb3 Nd3+
0-1

[Event "2015 Standard Chess Dropout Tournament, Round 1"]
[Site "SchemingMind.com"]
[Date "2014.11.08"]
[Round "1"]
[White "Pawn Broker"]
[Black "Mekk"]
[Result "0-1"]
[WhiteCountry "USA"]
[BlackCountry "POL"]
[WhiteElo "1619"]
[WhiteRD "83"]
[BlackElo "1771"]
[BlackRD "101"]
[GameID "368297"]

1. e4 e6 2. d4 d5 3. Bd3 Nf6 4. Nd2 c5 5. b3 cxd4 6. Ngf3 Nc6 7. Bb2 dxe4 8. Nxe4 e5 9. Bb5 Nxe4 10. Nxe5 Qf6
11. Nf3 Bb4+ 12. Kf1 O-O 13. h3 Bc3 14. Bxc3 Nxc3 15. Qd3 Bf5 16. Qc4 Nxb5 17. Qxb5 d3 18. cxd3 Qxa1+
0-1

[Event "2015 Standard Chess Dropout Tournament, Round 1"]
[Site "SchemingMind.com"]
[Date "2014.11.05"]
[Round "1"]
[White "peeuukoo"]
[Black "marcferrand"]
[Result "1-0"]
[WhiteCountry "FIN"]
[BlackCountry "FRA"]
[WhiteElo "1820"]
[WhiteRD "101"]
[BlackElo "1033"]
[BlackRD "199"]
[GameID "368298"]

1. d4 d5 2. c4 Bf5 3. Nc3 dxc4 4. e4 Bg6 5. Bxc4 Nc6 6. Nf3 f6 7. Qa4 a6 8. d5 Bxe4 9. Nxe4 b5 10. Bxb5 axb5
11. Qxb5 Ra5 12. Qxc6+ Qd7 13. Qxd7+ Kxd7 14. Nc3 e6 15. dxe6+ Kxe6 16. O-O g5 17. Nd4+ Kf7 18. Re1 Ne7 19. Ne6 Nd5 20. Nxd5 Rxd5
21. Nxc7 Rd7 22. Nb5 Bb4 23. Nc3 Rhd8 24. a3 Bxc3 25. bxc3 Rd1 26. Be3 Rxa1 27. Rxa1 Rd3 28. Bd4 f5 29. a4 Ke6 30. a5 Kd5
31. a6 Ke4 32. a7 Rd2 33. a8=Q+ Kd3 34. Qa6+ Kc2 35. Ra2+ Kc1 36. Be3 Kd1 37. Qf1#
1-0

[Event "2015 Standard Chess Dropout Tournament, Round 1"]
[Site "SchemingMind.com"]
[Date "2014.11.08"]
[Round "1"]
[White "Dan Geana"]
[Black "Pawn Broker"]
[Result "1-0"]
[WhiteCountry "ROU"]
[BlackCountry "USA"]
[WhiteElo "2472"]
[WhiteRD "117"]
[BlackElo "1605"]
[BlackRD "82"]
[GameID "368299"]

1. e4 e5 2. Nf3 d6 3. d4 Nd7 4. Bc4 Be7 5. dxe5 dxe5 6. Qd5 Bb4+ 7. c3 Qe7 8. cxb4 Qxb4+ 9. Nc3 Qe7 10. Bg5 f6
11. Be3 c6 12. Qe6 Qxe6 13. Bxe6 Nb6 14. Bb3 Bd7 15. a4 O-O-O 16. a5 Na8 17. Bxa7 Ne7 18. Nh4 g6 19. Bc5 Rde8 20. Na4
1-0